Logo

Description automatically generated
विद्यार्जन
 संसाधन केंद्र, भारतीय प्रौद्योगिकी संस्थान इन्दौर
Learning Resource Center, Indian Institute of Technology Indore

ऑनलाइन सार्वजनिक अभिगम प्रसूची
Online Public Access Catalogue (OPAC)

Radical remission : surviving cancer against all odds (Record no. 57407)

MARC details
000 -LEADER
fixed length control field 00651nam a2200205Ia 4500
005 - DATE AND TIME OF LATEST TRANSACTION
control field 20260704175958.0
008 - FIXED-LENGTH DATA ELEMENTS--GENERAL INFORMATION
fixed length control field 260704s9999||||xx |||||||||||||| ||und||
020 ## - INTERNATIONAL STANDARD BOOK NUMBER
International Standard Book Number 9780062268747
Qualifying information pbk
082 ## - DEWEY DECIMAL CLASSIFICATION NUMBER
Classification number 616.99406
Item number TUR
100 ## - MAIN ENTRY--PERSONAL NAME
Personal name Turner, Kelly A
245 #0 - TITLE STATEMENT
Title Radical remission : surviving cancer against all odds
260 ## - PUBLICATION, DISTRIBUTION, ETC.
Place of publication, distribution, etc. New York
Name of publisher, distributor, etc. HarperOne an imprint of HarperCollins Publishers
Date of publication, distribution, etc. 2015
300 ## - PHYSICAL DESCRIPTION
Extent x, 318p. ; 20cm.
653 ## - INDEX TERM--UNCONTROLLED
Uncontrolled term Cancer — Treatment
653 ## - INDEX TERM--UNCONTROLLED
Uncontrolled term Cancer--Patients--Rehabilitation
653 ## - INDEX TERM--UNCONTROLLED
Uncontrolled term Cancer--Psychological aspects
653 ## - INDEX TERM--UNCONTROLLED
Uncontrolled term Cancer--Psychological aspects
653 ## - INDEX TERM--UNCONTROLLED
Uncontrolled term Self-care, Health
942 ## - ADDED ENTRY ELEMENTS (KOHA)
Koha item type Book
Holdings
Withdrawn status Lost status Damaged status Not for loan Home library Current library Shelving location Date acquired Source of acquisition Total Checkouts Full call number Barcode Date last seen Price effective from Koha item type
        LRC, IIT Indore LRC, IIT Indore 2nd Floor - General Stack 04/07/2026 Gratis Book Price: USD 16.99   616.99406 TUR G2632 04/07/2026 04/07/2026 Book
Copyright © 2017-2026 Indian Institute of Technology Indore. All Rights Reserved.
Managed & maintained by Learning Resource Center, IIT Indore